000 00192 a2200097 4500
020 _a9780822578116
041 _aspa
100 _aRobin Nelson
245 _acomo se mueven las cosas
942 _cBK
999 _c1339
_d1339